Štúdium fotochemického vytvrdzovania vybraných polymérnych vrstiev

Na minha lista:
Detalhes bibliográficos
Autor principal: Jančovičová, Viera
Formato: Livro
Idioma:eslovaco
Publicado em: Bratislava FCHPT STU 2010
Acesso em linha:View in OPAC
Tags: Adicionar Tag
Sem tags, seja o primeiro a adicionar uma tag!

MARC

LEADER 00000nam a2200000 a 4500
005 20260127134326.0
008 110324 2010 xo 000 0 slo d
035 |a vtls010266180 
039 9 |y 201103240903  |z mschk03 
040 |a STUSCHK1  |b slo  |c STUSCHK1  |e AACR2 
100 1 |a Jančovičová, Viera  |9 1258 
245 1 |a Štúdium fotochemického vytvrdzovania vybraných polymérnych vrstiev  |c Viera Jančovičová 
260 |a Bratislava  |b FCHPT STU  |c 2010 
300 |a 32 s.  |b il.  |c 30 cm + príloha 
500 |a Obháj.: 27.9. 2010 
500 |a Fakulta chemickej a potravinárskej technológie STU, Ústav polymérnych materiálov 
500 |a Habilitačná práca 
910 |a SCHK95 
999 |c 9903  |d 9903